[Event "EU-ch U10"]
[Site "Prague"]
[Date "2024.08.31"]
[Round "9"]
[White "Andre, Tomas"]
[Black "Stoyanov, Victor"]
[Result "1-0"]
[WhiteElo "2051"]
[BlackElo "1749"]
[PlyCount "87"]
[EventDate "2024.08.22"]
[EventType "swiss"]
[EventRounds "9"]
[EventCountry "CZE"]
[SourceTitle "CBM 221 Extra"]
[Source "ChessBase"]
[SourceDate "2024.09.30"]
[SourceVersion "1"]
[SourceVersionDate "2024.09.30"]
[SourceQuality "1"]

1. e4 c5 2. Nf3 d6 3. d4 cxd4 4. Nxd4 Nf6 5. Nc3 a6 6. Be3 e5 7. Nb3 Be6 8. f4 Nc6 9. f5 Bc8 10. Qf3 h5 11. h3 b5 12. Bg5 Be7 13. Bxf6 Bxf6 14. 0-0-0 Ne7 15. g4 Bg5+ 16. Kb1 h4 17. Bg2 Qc7 18. Qd3 b4 19. Nd5 Qb8 20. Na5 Bd7 21. Nc4 Nc8 22. Qb3 a5 23. Ndb6 Ra7 24. Nxc8 Bxc8 25. Nxd6+ Kf8 26. Qd5 Bf6 27. g5 Bxg5 28. Qxe5 Ba6 29. Bf3 Be7 30. Nxf7 Kxf7 31. Bh5+ Rxh5 32. Qxb8 Rb7 33. Qc8 Rb6 34. Qc7 Rb7 35. Qc6 Rh6 36. Qd5+ Kf8 37. Qxa5 Rhb6 38. e5 Bb5 39. f6 gxf6 40. exf6 Bc5 41. Qa8+ Kf7 42. Qh8 b3 43. Qg7+ Ke8 44. Rhe1+ 1-0

[Event "GER-ch U10"]
[Site "Willingen"]
[Date "2024.05.24"]
[Round "10"]
[White "Bergmann, Rafael Antonio"]
[Black "Stoyanov, Victor"]
[Result "0-1"]
[WhiteElo "1775"]
[BlackElo "1652"]
[PlyCount "64"]
[EventDate "2024.05.19"]
[EventType "swiss"]
[EventRounds "11"]
[EventCountry "GER"]
[SourceTitle "CBM 220 Extra"]
[Source "ChessBase"]
[SourceDate "2024.07.31"]
[SourceVersion "1"]
[SourceVersionDate "2024.07.31"]
[SourceQuality "1"]

1. e4 c5 2. Nf3 d6 3. d4 cxd4 4. Qxd4 Nc6 5. Bb5 Bd7 6. Bxc6 bxc6 7. 0-0 e5 8. Qd1 Nf6 9. Nc3 Be7 10. Re1 0-0 11. Bg5 Be6 12. Qe2 Qc7 13. Rad1 h6 14. Bc1 Rad8 15. b3 Rfe8 16. Bb2 Bg4 17. h3 Bh5 18. Na4 Nh7 19. Bc1 Bg5 20. Bb2 Bf4 21. h4 Qd7 22. Ba3 d5 23. Qd3 Qg4 24. Nc3 Nf6 25. exd5 cxd5 26. Qb5 e4 27. Nh2 Qxh4 28. g3 Bxg3 29. fxg3 Qxg3+ 30. Kh1 Ng4 31. Nxg4 Bxg4 32. Ne2 Bf3# 0-1

[Event "GER-ch U10"]
[Site "Willingen"]
[Date "2024.05.22"]
[Round "7"]
[White "Sander, Tino"]
[Black "Stoyanov, Victor"]
[Result "1/2-1/2"]
[WhiteElo "1723"]
[BlackElo "1652"]
[PlyCount "135"]
[EventDate "2024.05.19"]
[EventType "swiss"]
[EventRounds "11"]
[EventCountry "GER"]
[SourceTitle "CBM 220 Extra"]
[Source "ChessBase"]
[SourceDate "2024.07.31"]
[SourceVersion "1"]
[SourceVersionDate "2024.07.31"]
[SourceQuality "1"]

1. e4 c5 2. Nf3 d6 3. d4 cxd4 4. Nxd4 Nf6 5. Nc3 a6 6. Bc4 e6 7. Bb3 Be7 8. g4 h6 9. Be3 Nc6 10. h3 Bd7 11. a3 Qc7 12. Qd3 Rc8 13. 0-0-0 Na5 14. f4 Nxb3+ 15. Nxb3 Rd8 16. Rdg1 Bc6 17. h4 h5 18. g5 Ng4 19. Nd4 Kd7 20. f5 g6 21. Rf1 Rdf8 22. Nxc6 Qxc6 23. Bd4 Rhg8 24. Kd2 Kc7 25. fxg6 fxg6 26. Rxf8 Rxf8 27. Rf1 Qe8 28. Qc4+ Kd7 29. Qa4+ Kc7 30. Qxe8 Rxe8 31. Rf7 Kd8 32. Rg7 Rh8 33. Rxe7 Kxe7 34. Bxh8 e5 35. Nd5+ Ke6 36. Bf6 Nf2 37. Nc3 Kd7 38. Ke3 Ng4+ 39. Kd3 b5 40. a4 bxa4 41. Nxa4 Nxf6 42. gxf6 Ke6 43. Kc4 Kxf6 44. Nc3 g5 45. Kd3 gxh4 46. Ke2 h3 47. Kf3 Kg5 48. Kg3 h2 49. Kxh2 Kf4 50. Kh3 Ke3 51. Kh4 Kd2 52. Kxh5 Kxc2 53. Kg6 Kxb2 54. Na4+ Kb3 55. Nb6 Kb4 56. Kf5 Kc5 57. Na4+ Kd4 58. Nb2 d5 59. exd5 Kxd5 60. Kg4 Kd4 61. Kf3 Kc3 62. Na4+ Kb4 63. Nb6 Kb5 64. Nd5 Kc4 65. Ke4 a5 66. Kxe5 Kd3 67. Nb6 Kc3 68. Kd5 1/2-1/2

[Event "GER-ch U10"]
[Site "Willingen"]
[Date "2024.05.21"]
[Round "5"]
[White "Stoyanov, Victor"]
[Black "Alloussi, Arian"]
[Result "1-0"]
[WhiteElo "1652"]
[BlackElo "1694"]
[PlyCount "104"]
[EventDate "2024.05.19"]
[EventType "swiss"]
[EventRounds "11"]
[EventCountry "GER"]
[SourceTitle "CBM 220 Extra"]
[Source "ChessBase"]
[SourceDate "2024.07.31"]
[SourceVersion "1"]
[SourceVersionDate "2024.07.31"]
[SourceQuality "1"]

1. e4 e5 2. Nf3 Nc6 3. d4 exd4 4. Nxd4 Bc5 5. Nb3 Bb6 6. Nc3 Nf6 7. Qe2 0-0 8. Bg5 h6 9. Bh4 Re8 10. 0-0-0 a5 11. a4 d6 12. f3 Be6 13. Bf2 Bxf2 14. Qxf2 Bxb3 15. cxb3 Nb4 16. Bc4 Qe7 17. g4 Qe5 18. Rd2 Rac8 19. Kb1 Qf4 20. Qg2 Nd7 21. Nd5 Nxd5 22. Bxd5 c6 23. Bc4 Nb6 24. Rhd1 Nxc4 25. bxc4 Rcd8 26. Rd3 Re7 27. Qg3 Qxg3 28. hxg3 Red7 29. Kc2 Kf8 30. Kc3 Ke7 31. b4 axb4+ 32. Kxb4 c5+ 33. Kb5 Ra8 34. e5 Rb8 35. Rxd6 Rxd6 36. Rxd6 Rc8 37. Kb6 Ra8 38. a5 Ra6+ 39. Kb5 Ra8 40. a6 bxa6+ 41. Rxa6 Rb8+ 42. Rb6 Rc8 43. f4 Kd7 44. f5 Rc7 45. Rd6+ Ke7 46. Rc6 Rb7+ 47. Kxc5 Rb3 48. Rc7+ Ke8 49. Kc6 Rxg3 50. f6 gxf6 51. exf6 Kd8 52. Rxf7 Rxg4 1-0